[Event "ROM-ch"]
[Site "Eforie Nord"]
[Date "2024.03.01"]
[Round "8"]
[White "Parligras, Mircea Emilian"]
[Black "Ognean, Mihnea Ionut"]
[Result "1-0"]
[WhiteElo "2537"]
[BlackElo "2382"]
[PlyCount "99"]
[EventDate "2024.02.24"]
[EventType "swiss"]
[EventRounds "9"]
[EventCountry "ROU"]
[SourceTitle "CBM 219 Extra"]
[Source "ChessBase"]
[SourceDate "2024.05.31"]
[SourceVersion "1"]
[SourceVersionDate "2024.05.31"]
[SourceQuality "1"]

1. d4 Nf6 2. c4 e6 3. Nc3 Bb4 4. e3 0-0 5. Bd2 d5 6. Nf3 b6 7. cxd5 exd5 8. Bd3 Re8 9. Ne5 Bb7 10. 0-0 Bd6 11. f4 c5 12. Be1 Nbd7 13. Bh4 Be7 14. Qf3 a6 15. a4 Nf8 16. Rad1 Qd6 17. Bb1 Rad8 18. Ba2 Ng6 19. Bg3 cxd4 20. exd4 Nf8 21. f5 Qb4 22. Be1 Qd6 23. g4 h6 24. h4 N8h7 25. Qg2 Nd7 26. Nf3 Nhf6 27. g5 Ne4 28. f6 Ndxf6 29. gxf6 Bxf6 30. Ne5 Bxe5 31. Nxe4 dxe4 32. Rxf7 Bxd4+ 33. Kh1 Kh8 34. Rxb7 Qe5 35. Bg3 Qc5 36. Rc7 Qb4 37. Rc4 Qxb2 38. Rcxd4 Rxd4 39. Qxb2 Rxd1+ 40. Kg2 e3 41. Kf3 e2 42. Bc4 e1Q 43. Bxe1 Rdxe1 44. Qxb6 Rf8+ 45. Kg3 a5 46. Qc5 Ree8 47. Qxa5 Re3+ 48. Kg2 Re4 49. Qc5 Rd8 50. Kg3 1-0

[Event "Bundesliga 2324"]
[Site "Germany"]
[Date "2024.02.03"]
[Round "7.5"]
[White "Parligras, Mircea Emilian"]
[Black "Kadric, Denis"]
[Result "1-0"]
[WhiteElo "2561"]
[BlackElo "2579"]
[PlyCount "109"]
[EventDate "2023.10.21"]
[EventType "team-tourn"]
[EventRounds "15"]
[EventCountry "GER"]
[SourceTitle "CBM 218 Extra"]
[Source "ChessBase"]
[SourceDate "2024.03.31"]
[SourceVersion "1"]
[SourceVersionDate "2024.03.31"]
[SourceQuality "1"]
[WhiteTeam "Remagen Sinzig"]
[BlackTeam "Kirchweyhe"]
[WhiteTeamCountry "GER"]
[BlackTeamCountry "GER"]

1. d4 d6 2. e4 Nf6 3. Bd3 e5 4. c3 Nbd7 5. Nf3 d5 6. Nxe5 dxe4 7. Be2 Nxe5 8. dxe5 Qxd1+ 9. Bxd1 Ng4 10. Bf4 Bc5 11. Bxg4 Bxg4 12. Nd2 e3 13. fxe3 0-0-0 14. h3 Bh5 15. Nf3 h6 16. g4 Bg6 17. Kf2 Be4 18. Rhd1 g5 19. Bg3 Rdf8 20. Ke2 Be7 21. Rg1 h5 22. Nd4 hxg4 23. hxg4 Rd8 24. Rad1 Rh3 25. Kf2 Bc5 26. Nf5 Re8 27. b4 Bb6 28. c4 a5 29. a3 Ba7 30. Ng7 Re7 31. c5 Rh8 32. Nf5 Ree8 33. Rd4 Bc6 34. Rc1 Bd7 35. Rd2 Bb8 36. Rcd1 Bxf5 37. gxf5 c6 38. Rd7 Rhf8 39. bxa5 Bxe5 40. a6 Bxg3+ 41. Kxg3 Rxe3+ 42. Kg4 f6 43. axb7+ Kb8 44. R1d6 Rxa3 45. Rxc6 Rb3 46. Rc8+ Rxc8 47. bxc8Q+ Kxc8 48. Rf7 Rb1 49. Rxf6 Rg1+ 50. Kh5 g4 51. Rc6+ Kd7 52. Rd6+ Ke8 53. Kg6 Rc1 54. f6 Rxc5 55. Rd4 1-0